Normal view
MARC view
Entry Personal Name
001 - CONTROL NUMBER
- control field: 169089
003 - CONTROL NUMBER IDENTIFIER
- control field: OSt
005 - DATE AND TIME OF LATEST TRANSACTION
- control field: 20220923230635.0
008 - FIXED-LENGTH DATA ELEMENTS
- fixed length control field: 220923|| aca||aabn | a|a d
040 ## - CATALOGING SOURCE
- Original cataloging agency: OSt
- Transcribing agency: OSt
100 ## - HEADING--PERSONAL NAME
- Personal name: अग्निहोत्री, प्रभुदयाल, ले
670 ## - SOURCE DATA FOUND
- Source citation: Work cat.: (OSt)386211: अग्निहोत्री, प्रभुदयाल, ले., महाकवि कालिदास, 1998
